[Event "3rd India-China Summit 2018"]
[Site "Bhubaneswar"]
[Date "2018.10.20"]
[Round "3"]
[White "Xu, Xiangyu"]
[Black "Aravindh, Chithambaram VR."]
[Result "0-1"]
[WhiteElo "2586"]
[BlackElo "2578"]
[Annotator "TA"]
[PlyCount "158"]
[EventDate "2018.10.17"]
[EventType "schev"]
[EventCountry "IND"]
[SourceTitle "playchess.com"]
[Source "ChessBase"]
[SourceQuality "1"]
[WhiteTeam "China"]
[BlackTeam "India"]
[WhiteTeamCountry "CHN"]
[BlackTeamCountry "IND"]

{[%evp 18,158,0,-12,-10,-3,-7,0,0,0,0,1,3,-57,-59,-68,-58,-59,-65,-65,-65,-65,-60,-44,-51,-47,-55,-72,-60,-79,-96,-85,-69,-77,-50,-55,-48,-40,-22,-22,0,-3,0,-19,-16,-22,-16,-14,-10,-4,-4,-11,-11,-61,-61,-61,-61,-61,-61,-61,-61,-61,-61,-68,-77,-81,-66,-103,-99,-119,-118,-114,-106,-160,-153,-155,-144,-139,-129,-143,-116,-134,-123,-134,-126,-167,-164,-164,-130,-175,-175,-175,-175,-175,-175,-175,-175,-175,-175,-175,-175,-175,-175,-454,-454,-502,-125,-502,-154,-154,-153,-495,0,-502,-502,-502,-502,-502,-502,-497,-481,-442,-411,-502,-337,-502,-495,-1644,-1693,-5401,-5197,-5114,-4860,-4630,-4487,-29981,-29982,-29982,-29983,-29983,-29984,-29984,-29985]} 1. e4 e5 2. Nf3 Nc6 3. Bb5 Nf6 4. d3 {[%cal Bd2d3,Bd3d4][%mdl 32]} Bc5 5. c3 d5 6. Nxe5 {C65: Spanische Partie (Berliner-Verteidigung)} (6. exd5 Qxd5 7. Qb3 O-O 8. O-O Qd6 9. Nbd2 Be6 10. Qa4 Ne7 11. Ne4 Nxe4 12. Qxe4 Ng6 13. Bc4 {½-½ (34) Vachier Lagrave,M (2780)-Eljanov,P (2703) Batumi 2018}) 6... O-O 7. Bxc6 bxc6 8. d4 Bb6 9. O-O Nxe4 10. Nd2 {LiveBook: 3 Partien} c5 11. Nxe4 dxe4 12. dxc5 Bxc5 13. Be3 Bd6 $146 14. Qd5 Rb8 15. Rad1 ({Besser ist} 15. b4 $11) 15... Qh4 $1 $15 {Droht stark ...Lb7.} 16. f4 Rxb2 {...Te2 ist eine echte Drohung.} 17. Nc4 Be6 18. Qxe4 Bxc4 19. Qxc4 Re8 20. Rd2 Rxd2 21. Bxd2 h6 22. h3 Qf6 23. Rf3 Qf5 24. Qd3 Qe6 25. c4 Rd8 26. Be3 Be7 27. Qc2 a6 28. Bf2 Bf6 29. Rd3 Rf8 30. Re3 Qd6 31. Qe4 Rd8 32. Kh2 h5 33. Re2 g6 {[%cal Bg7g6,Bg6f5][%mdl 32]} 34. c5 Qd7 35. f5 (35. c6 {seems wilder.} Qd1 36. Re1 Qd2 37. Re2 Qc3 38. f5) 35... Qxf5 ({Doch nicht} 35... gxf5 36. Qf4 $11) 36. Qxf5 gxf5 {[%mdl 4096] Endspiel KTL-KTL} 37. Bg3 Rd5 38. c6 Rc5 39. Bxc7 Rxc6 40. Bf4 Kh7 41. Kg3 Rc4 42. Kf3 Kg6 43. g3 Ra4 44. Bd6 Bd4 45. Rc2 (45. Rd2 $142) 45... f6 $17 46. Re2 Rc4 47. Kg2 Rc6 48. Bf4 Rc5 49. Rd2 Rc4 50. Re2 Ra4 51. h4 Ra5 52. Bc7 Rc5 53. Rd2 Rxc7 54. Rxd4 $19 {KT-KT} Rc2+ 55. Kf3 Rxa2 {zielt auf ...a5 ab.} 56. Rd8 Ra3+ 57. Kf4 Ra4+ $1 58. Kf3 a5 59. Rg8+ Kh7 $1 60. Ra8 $2 (60. Rf8) 60... Kg7 $1 {[%cal Rg7f7]} 61. Ke3 Kf7 $2 (61... Re4+ $19 62. Kf3 a4) 62. Rh8 $2 {[%mdl 8192]} (62. Kf3 $17) 62... Kg6 $2 (62... Re4+ $19 {und Schwarz behält klar die Oberhand.} 63. Kf3 Kg6 64. Rg8+ Kh7) 63. Rg8+ $17 {[#]} Kh7 $1 {[%cal Rh7g8]} 64. Rf8 $2 (64. Ra8 $17 {nur so!}) 64... Kg7 65. Ra8 {[#]} Re4+ $1 66. Kf3 a4 67. Ra5 Kg6 68. Ra8 Rd4 69. Rg8+ Kf7 70. Rh8 Rd1 71. Ke2 (71. Ke3 $142) 71... Ra1 $19 {Droht ...a3 und aus.} 72. Kd2 (72. Kf2 $142 a3 73. Ra8) 72... a3 73. Kc2 Rg1 74. Kb3 Rxg3+ 75. Ka2 Kg7 76. Rxh5 Rf3 {Schwarz setzt Matt.} 77. Ka1 Rf2 78. Kb1 Rb2+ 79. Ka1 Rb5 {Precision: Weiß = 44%, Schwarz = 73%.} 0-1

[Event "3rd India-China Summit 2018"]
[Site "Bhubaneswar"]
[Date "2018.10.20"]
[Round "3"]
[White "Narayanan, Srinath"]
[Black "Lu, Shanglei"]
[Result "1/2-1/2"]
[WhiteElo "2565"]
[BlackElo "2635"]
[Annotator "TA"]
[PlyCount "60"]
[EventDate "2018.10.17"]
[EventType "schev"]
[EventCountry "IND"]
[SourceTitle "playchess.com"]
[Source "ChessBase"]
[SourceQuality "1"]
[WhiteTeam "India"]
[BlackTeam "China"]
[WhiteTeamCountry "IND"]
[BlackTeamCountry "CHN"]

{[%evp 21,60,22,23,30,25,22,18,21,22,20,13,0,0,0,15,6,11,0,11,0,14,0,37,0,0,0,0,0,0,0,0,0,0,-24,-30,-23,-25,-46,-31,-43,-43]} 1. e4 e6 2. d4 d5 3. Nd2 dxe4 4. Nxe4 Nd7 5. Nf3 Ngf6 6. Nxf6+ Nxf6 7. Be3 Nd5 {C10: French with 3 Nc3: Unusual Black 3rd moves and 3...dxe4} 8. Bd2 c5 9. Bb5+ Bd7 10. Bxd7+ Qxd7 11. c4 Nb6 {LiveBook: 23 Games} 12. Rc1 f6 13. dxc5 Bxc5 14. b4 Be7 $1 {[#]} 15. O-O $146 ({Predecessor:} 15. Qb3) 15... Rc8 16. Qb3 O-O 17. Rfd1 Rfd8 18. c5 Nd5 19. Be3 e5 20. Nd2 Qe6 21. Ne4 {[#] Strongly threatening Nd6!} Kf7 22. a3 h6 23. g3 f5 {[#]} 24. Nd6+ $1 {[%mdl 512]} Bxd6 25. Qxd5 Qxd5 26. Rxd5 Bc7 27. Rxd8 Rxd8 28. c6 b6 {And now ...f4 would win.} 29. f4 Rd3 30. Kf2 Ke6 {Precision: White = 64%, Black = 80%.} 1/2-1/2

[Event "3rd India-China Summit 2018"]
[Site "Bhubaneswar"]
[Date "2018.10.20"]
[Round "3"]
[White "Aryan Chopra"]
[Black "Bai, Jinshi"]
[Result "1/2-1/2"]
[WhiteElo "2541"]
[BlackElo "2556"]
[Annotator "TA"]
[PlyCount "143"]
[EventDate "2018.10.17"]
[EventType "schev"]
[EventCountry "IND"]
[SourceTitle "playchess.com"]
[Source "ChessBase"]
[SourceQuality "1"]
[WhiteTeam "India"]
[BlackTeam "China"]
[WhiteTeamCountry "IND"]
[BlackTeamCountry "CHN"]

{[%evp 19,143,0,11,0,0,0,0,0,0,-24,0,0,0,-1,-31,-32,0,-40,-33,-39,-27,-32,-29,-26,-41,-70,-41,-37,-24,-36,0,-27,-6,-44,-30,-47,-31,-80,-76,-100,-94,-121,-108,-117,-102,-113,-116,-128,-117,-216,-107,-121,-84,-130,-77,-87,-69,-79,-68,-64,-57,-62,-61,-70,-68,-65,-64,-66,-61,-86,-61,-69,-33,-37,0,0,0,0,0,0,0,-8,-8,-8,-8,-9,0,0,0,0,0,0,0,0,0,-8,-8,-8,0,0,0,0,0,-8,-8,-8,0,0,0,0,0,0,0,0,0,0,0,0,0,0,0,0,0,0,0,0]} 1. e4 e5 2. Nf3 Nf6 3. Nxe5 d6 4. Nf3 Nxe4 5. Nc3 Nxc3 6. dxc3 Be7 7. Be3 O-O 8. Qd2 {C42: Petroff Defence: 3 Nxe5 and unusual White 3rd moves} Nd7 {[%cal Bb8d7,Bd7f6,Bf6e4][%mdl 32]} 9. O-O-O c6 10. h4 d5 {LiveBook: 4 Games} 11. g4 (11. Kb1 Re8 12. Bd3 Bc5 13. Rde1 Bxe3 14. Rxe3 Rxe3 15. Qxe3 Nf6 {½-½ (28) Aronian,L (2780)-Caruana,F (2827) Batumi 2018}) 11... Nf6 $146 ({Predecessor:} 11... Nc5 12. Rg1 Ne4 13. Qe1 Bxh4 14. g5 Bxf2 15. Bxf2 Re8 {1-0 (23) Delfino,L (2221)-Radice,M (1910) Campobasso 2013}) 12. g5 Ne4 13. Qe1 Bg4 14. Be2 Qa5 15. Kb1 Rae8 16. Nd4 Bxe2 17. Qxe2 Bc5 18. Nb3 Qb6 $1 {[#] And now ...Bxe3 would win.} 19. Bxc5 Nxc5 20. Qf3 Ne4 21. Rhf1 a5 22. Nd2 Nxd2+ 23. Rxd2 Qb5 24. Rfd1 Re4 25. h5 Rfe8 26. Kc1 Qc5 $36 {[%mdl 2048] Black has good play.} 27. Qg3 Qe7 (27... b5 {looks sharper.} 28. h6 a4 29. Rd4 Re2 30. a3 Qe7) 28. Rg1 Qe5 29. Qxe5 R8xe5 $17 {[%mdl 4096] Endgame KRR-KRR} 30. Kd1 Kf8 31. h6 gxh6 32. gxh6 Rh4 33. Rd3 Rxh6 34. Rg2 (34. Rf3 $17) 34... c5 (34... Rh1+ $19 35. Kd2 h5) 35. Kd2 Rhe6 36. f4 {[#]} Rf5 ({Black should try} 36... Rh5 $1 37. a4 Re4) 37. Rh3 h6 38. Rh4 b5 39. a3 d4 40. cxd4 Rd5 41. Rg3 Rxd4+ 42. Rd3 Rde4 43. Rd5 b4 44. axb4 cxb4 45. b3 Re2+ 46. Kd3 $1 R6e3+ 47. Kd4 {The position is equal.} Re4+ 48. Kd3 R4e3+ 49. Kd4 Rf3 50. Rxa5 Rxc2 51. Rb5 Rxb3 52. Rxh6 Rf2 53. Ke4 Re2+ 54. Kf5 Rc2 55. Rhb6 Rc4 {Hoping for ...Rf3.} 56. Rb8+ Kg7 {Threatens to win with ...Rf3.} 57. Re8 Rb1 58. Re4 Rc6 59. Rexb4 Re1 60. Kg4 Rg1+ 61. Kf3 Rc3+ 62. Ke4 Re1+ 63. Kf5 Rh3 64. Kg4 Rh6 65. Rg5+ Rg6 66. Rxg6+ fxg6 $11 {KR-KR} 67. Rb7+ Kf6 68. Rb6+ Re6 69. Rxe6+ Kxe6 70. Kg5 Kf7 71. f5 gxf5 72. Kxf5 {Precision: White = 59%, Black = 53%.} 1/2-1/2

[Event "3rd India-China Summit 2018"]
[Site "Bhubaneswar"]
[Date "2018.10.20"]
[Round "3"]
[White "Xu, Yinglun"]
[Black "Karthikeyan, Murali"]
[Result "1-0"]
[WhiteElo "2533"]
[BlackElo "2605"]
[Annotator "TA"]
[PlyCount "115"]
[EventDate "2018.10.17"]
[EventType "schev"]
[EventCountry "IND"]
[SourceTitle "playchess.com"]
[Source "ChessBase"]
[SourceQuality "1"]
[WhiteTeam "China"]
[BlackTeam "India"]
[WhiteTeamCountry "CHN"]
[BlackTeamCountry "IND"]

{[%evp 20,115,32,26,28,26,36,31,39,43,46,41,46,45,74,66,96,72,139,131,129,131,131,140,181,197,187,190,183,189,172,157,255,241,230,181,241,239,256,272,280,268,284,275,267,270,267,254,356,208,186,0,317,237,224,177,194,197,230,194,250,245,275,260,277,279,310,310,346,231,229,187,170,149,240,222,251,154,139,121,298,301,277,267,333,310,410,394,617,603,593,583,1362,1075,2644,2700,1318,1367]} 1. c4 Nf6 2. Nf3 g6 3. Nc3 Bg7 4. d4 O-O 5. e4 d6 6. Be2 e5 7. O-O Nc6 8. d5 Ne7 9. Bg5 Nh5 10. Re1 {E97: King's Indian: Classical Main Line (6...e5 7 0-0 Nc6): 8 Be3 and 8 d5 Ne7, not 9 Ne1} (10. Bd3 h6 11. Bd2 Nf4 12. Bc2 g5 13. Ne2 f5 14. Ng3 fxe4 15. Bxe4 g4 16. Nh4 Nexd5 17. Nhf5 Nf6 {½-½ (31) Berkes,F (2678)-Smirin,I (2594) Batumi 2018}) 10... h6 11. Bd2 {LiveBook: 3 Games} Nf4 12. Bf1 {White has an edge.} g5 13. h3 f5 {[#]} 14. exf5 $146 ({Predecessor:} 14. Nh2 fxe4 15. Nxe4 c6 16. dxc6 Nxc6 17. Bxf4 exf4 18. Qd5+ Kh7 19. Nxd6 Nb4 20. Qe4+ Kh8 21. c5 a5 22. Nxc8 Rxc8 23. a3 Bxb2 24. Rad1 {1-0 (24) Xu,Y (2526)-Lubbe,M (2286) Tegernsee 2017}) 14... Bxf5 15. Bxf4 exf4 16. Bd3 Qd7 17. Nb5 Ng6 18. Re6 {Bxf5 is the strong threat.} Bxe6 (18... Ne7 $142) 19. dxe6 $16 Qxe6 {White must now prevent ...Rf7.} 20. Nxc7 Qd7 21. Nxa8 Ne5 22. Nxe5 Bxe5 23. Qh5 Rxa8 24. Qxh6 Qg7 25. Qe6+ Qf7 {[#]} (25... Kf8 $16 26. Re1 Qf6) 26. Qg4 $1 $18 Bf6 27. Be4 Kf8 (27... Qe7 {keeps fighting.}) 28. Bd5 Qe7 {[#]} 29. h4 $1 {[%mdl 512]} Re8 (29... gxh4 30. Qg8#) 30. hxg5 Bxg5 31. Rd1 Qf6 32. Bxb7 Re5 33. Bd5 Qe7 (33... a5 $142 34. Qc8+ Kg7 35. Qg8+ Kh6) 34. Kf1 (34. Rd3 $142) 34... Qh7 {[%cal Rh7h1]} 35. Kg1 (35. g3 $142 fxg3 36. Qxg3) 35... Qe7 $1 36. Qc8+ Qe8 37. Qxe8+ Kxe8 {[%mdl 4096] Endgame KRB-KRB} 38. Kf1 Bf6 39. b4 {[%cal Bb2b4,Bb4b5,Bb5a6][%mdl 32]} Kd7 (39... Kd8 {was called for.} 40. Rd3 Re7) 40. Rd3 Kc7 41. Rf3 Bg5 42. Ra3 Kb6 43. b5 a5 44. bxa6 {aiming for a7.} Ka7 45. Ra5 Bf6 46. Rb5 Re8 (46... Kxa6 $16 {was worth a try.} 47. Rb3 Re7) 47. Bc6 Re6 48. Rd5 Bc3 {[%csl Gc3][%cal Re6e1]} 49. Rd1 Re5 $2 (49... Kxa6 $16 50. Bd5 Re5) 50. Bb5 Re7 51. a4 Re6 {[#]} 52. c5 $1 {[%cal Bc4c5,Bc5c6,Bc6b7][%mdl 32]} Bb4 (52... dxc5 53. Rd7+) 53. c6 {Hoping for c7.} Re7 (53... Ba5 $142 54. f3 Bc7) 54. Rb1 {White is clearly winning.} Ba5 55. Be2 Bb6 {[#]} 56. a5 $1 Bxa5 57. Rb7+ Rxb7 58. cxb7 {Precision: White = 81%, Black = 35%.} 1-0

[Event "3rd India-China Summit 2018"]
[Site "Bhubaneswar"]
[Date "2018.10.20"]
[Round "4"]
[White "Lu, Shanglei"]
[Black "Narayanan, Srinath"]
[Result "1-0"]
[WhiteElo "2635"]
[BlackElo "2565"]
[Annotator "TA"]
[PlyCount "97"]
[EventDate "2018.10.17"]
[EventType "schev"]
[EventCountry "IND"]
[SourceTitle "playchess.com"]
[Source "ChessBase"]
[SourceQuality "1"]
[WhiteTeam "China"]
[BlackTeam "India"]
[WhiteTeamCountry "CHN"]
[BlackTeamCountry "IND"]

{[%evp 30,97,43,33,61,56,74,11,21,0,0,0,0,0,0,0,68,68,68,70,70,77,87,66,86,56,85,86,95,59,59,59,59,57,78,57,62,56,65,57,108,108,112,99,120,120,268,268,262,175,218,225,639,762,756,762,754,758,733,689,917,893,1065,1065,6582,583,5777,5425,2752,2759]} 1. e4 e5 2. Nf3 Nc6 3. Bb5 a6 4. Ba4 Nf6 5. O-O Be7 6. Re1 b5 7. Bb3 d6 8. c3 O-O 9. h3 Bb7 10. d4 Re8 11. Nbd2 Bf8 12. a3 h6 13. Bc2 d5 14. dxe5 {C93: Spanische Partie (Smyslow-Variante)} Nxe5 15. Nxe5 Rxe5 16. f4 {LiveBook: 6 Partien. Weiß steht etwas besser.} (16. Nf3 Re8 17. e5 Ne4 18. Bf4 c5 19. a4 f5 20. Nd2 Qh4 21. Nxe4 dxe4 {½-½ (37) Tari,A (2599)-Vidit,S (2718) Wijk aan Zee 2018}) 16... Re8 17. e5 d4 $146 ({Vorgänger:} 17... Nd7 18. b4 c5 19. Nb3 Qc7 20. Be3 Rac8 21. Bf5 cxb4 22. axb4 {1-0 (30) Bucur,M (2341)-Cotos,V ICCF email 2004}) 18. Qe2 (18. exf6 $16 dxc3 19. bxc3) 18... Bc5 19. Kh2 d3 20. Bxd3 Ng4+ $1 21. Qxg4 Qxd3 22. Nf1 (22. Nb3 {looks sharper.} Bf2 23. Rd1 Qe4 24. Nd4 g6 25. Qf3) 22... Bf2 (22... Re6 $11 23. f5 h5 $1 {[%mdl 512]}) 23. Qe2 $14 Qxe2 24. Rxe2 Bh4 25. Be3 Rad8 26. Bd4 a5 27. Rd2 Bd5 28. Bc5 Bc4 29. Rxd8 Bxd8 30. Ne3 {Droht a4 und aus.} Bb3 31. Nf5 a4 32. Nd4 f6 $1 33. Re1 {e6 ist eine echte Drohung.} fxe5 $1 34. fxe5 Bc4 (34... Bf6 $1 $14) 35. e6 $36 {[%cal Be5e6,Be6e7][%mdl 2080] Droht stark e7. Weiss hat starke Initiative.} Bg5 36. Kg3 Bd5 37. e7 c6 (37... Kf7 $16) 38. h4 $1 $18 {[%cal Rh4g5,Bh3h4,Bh4h5][%mdl 32]} Bf6 39. Nf5 Kh7 {[#]} 40. Bd4 $1 {[%cal Rd4f6]} Kg6 $2 (40... g6 41. Bxf6 gxf5) 41. Kf4 {Weiß steht klar auf Gewinn.} Bxd4 42. cxd4 {[%mdl 4096] Endspiel KTL-KTS} ({Weniger gut wäre} 42. Nxd4 Kf6 $14) 42... Kf6 {[#]} 43. h5 $1 Bf7 44. g4 Rb8 45. Nd6 Be8 46. Re5 Ra8 47. Ne4+ Kf7 48. g5 hxg5+ 49. Kxg5 {Precision: Weiß = 69%, Schwarz = 40%.} 1-0

[Event "3rd India-China Summit 2018"]
[Site "Bhubaneswar"]
[Date "2018.10.20"]
[Round "4"]
[White "Karthikeyan, Murali"]
[Black "Xu, Yinglun"]
[Result "0-1"]
[WhiteElo "2605"]
[BlackElo "2533"]
[Annotator "TA"]
[PlyCount "126"]
[EventDate "2018.10.17"]
[EventType "schev"]
[EventCountry "IND"]
[SourceTitle "playchess.com"]
[Source "ChessBase"]
[SourceQuality "1"]
[WhiteTeam "India"]
[BlackTeam "China"]
[WhiteTeamCountry "IND"]
[BlackTeamCountry "CHN"]

{[%evp 15,126,21,27,22,12,14,10,10,23,10,9,18,13,0,4,0,0,0,0,0,0,0,0,0,12,0,0,0,0,0,6,5,5,2,6,0,7,2,30,30,35,31,28,28,33,20,25,20,31,32,32,38,32,20,61,56,57,64,120,128,122,115,178,76,118,121,161,8,8,8,8,8,8,8,8,8,8,8,8,8,8,8,8,8,8,8,8,8,8,8,8,0,0,0,8,8,8,8,8,-29985,-29986,-29986,-29987,-29987,-29988,-29988,-29989,-29989,-29990,-29990,-29990,-29990,-29991]} 1. Nf3 Nf6 2. g3 d5 3. Bg2 Bf5 4. O-O e6 5. d3 Be7 6. c4 c6 7. Qb3 {A11: English Opening: 1...c6} Qb6 8. Nc3 (8. Qc2 O-O 9. cxd5 cxd5 10. Be3 Qa6 11. Rc1 Ng4 12. Bf4 Nc6 13. h3 Nf6 14. Ne5 Nxe5 15. Bxe5 {½-½ (47) Eljanov,P (2757)-Malakhov,V (2698) Novi Sad 2016}) 8... Nbd7 {LiveBook: 6 Games} 9. cxd5 {White has an edge.} Qxb3 10. axb3 {Strongly threatening dxc6.} exd5 11. e4 $146 ({Predecessor:} 11. Nd4 Bg6 12. h3 O-O 13. f4 Bc5 14. Be3 Rfe8 {½-½ (26) Shyaamnikhil,P (2422)-Deepan Chakkravarthy,J (2477) Patna 2017}) 11... dxe4 12. dxe4 Bg6 13. e5 Ne4 14. Nd4 Bc5 $1 15. Be3 Bxd4 16. Bxd4 Nd2 $1 17. Rfd1 Nxb3 {And now ...Bc2 would win.} 18. Rxa7 Rxa7 19. Bxa7 Ke7 20. f4 {Hoping for Bh3.} Bc2 21. Rf1 Ra8 22. Be3 f5 23. exf6+ Nxf6 24. h3 h5 25. Re1 Kd6 26. Bf3 Ra6 27. g4 hxg4 28. hxg4 g6 29. Kf2 Nd5 30. Kg3 Nxe3 31. Rxe3 Nd4 32. Be4 Rb6 33. Bxc2 Nxc2 $14 {[%mdl 4096] Endgame KRN-KRN} 34. Rd3+ Ke6 35. Rd2 Nb4 $1 36. Kh4 c5 (36... Nd5 $14) 37. Kg5 $16 Ke7 38. Rh2 c4 {[#]} (38... Kf8 $16 39. Rh8+ Kg7) 39. Rh7+ (39. Rh6 $1 $18 {and White stays clearly on top.}) 39... Kf8 {[#]} 40. Rc7 $1 Nd3 41. Nd5 $2 ({Better is} 41. Rxc4 $18 {aiming for Nd5.} Nxb2 42. Rc8+ Kf7 43. Rc7+ Ke8 44. Ne4) 41... Rc6 $1 $11 42. Rxc6 bxc6 {KN-KN} 43. Ne3 Nxb2 44. Kxg6 c3 45. g5 {Kh7 is the strong threat.} Nc4 46. Nc2 Nd6 47. Kh7 Nf5 48. g6 c5 49. Ne3 Ng7 50. f5 Ne8 51. Kh8 c4 52. Nc2 Nf6 53. Nd4 Ne8 54. Kh7 Nf6+ 55. Kh6 Ne4 56. g7+ Kf7 57. Nb5 $2 {[%mdl 8192]} (57. Nc2 $11) 57... c2 {Black mates.} 58. Nd6+ Kg8 ({Inferior is} 58... Nxd6 59. Kh7 $18) 59. Nxe4 c1=Q+ 60. Kg6 Qg1+ 61. Ng5 c3 62. f6 Qb1+ 63. Kh6 Qb6 {Precision: White = 64%, Black = 72%.} 0-1

[Event "3rd India-China Summit 2018"]
[Site "Bhubaneswar"]
[Date "2018.10.20"]
[Round "4"]
[White "Aravindh, Chithambaram VR."]
[Black "Xu, Xiangyu"]
[Result "1/2-1/2"]
[WhiteElo "2578"]
[BlackElo "2586"]
[Annotator "TA"]
[PlyCount "165"]
[EventDate "2018.10.17"]
[EventType "schev"]
[EventCountry "IND"]
[SourceTitle "playchess.com"]
[Source "ChessBase"]
[SourceQuality "1"]
[WhiteTeam "India"]
[BlackTeam "China"]
[WhiteTeamCountry "IND"]
[BlackTeamCountry "CHN"]

{[%evp 16,165,27,24,30,16,24,13,14,14,14,0,11,16,8,11,28,19,25,19,23,19,19,10,17,23,43,42,39,36,40,25,34,26,53,48,60,43,53,35,52,41,52,25,29,0,51,0,28,34,33,33,41,43,41,39,43,37,210,45,106,96,95,93,85,85,85,77,77,77,77,84,108,109,109,106,105,33,33,33,33,33,33,33,33,0,33,33,33,33,33,33,33,33,33,33,33,8,33,8,33,33,33,33,33,33,33,0,33,0,41,0,0,0,0,0,8,8,8,8,8,0,0,0,0,0,0,0,0,0,0,0,0,0,0,0,0,0,0,0,0,0,8,8,8,8,8,8,8,8,8,8]} 1. e4 c5 2. Nf3 Nc6 3. d4 cxd4 4. Nxd4 e5 5. Nb5 a6 6. Nd6+ Bxd6 7. Qxd6 Qe7 8. Qd2 {B32: Sicilian: Löwenthal and Kalashnikov Variations} (8. Qd1 Nf6 9. Nc3 d6 10. Bg5 Be6 11. Nd5 Bxd5 12. exd5 Nb8 13. Qf3 Nbd7 14. O-O-O h6 15. Be3 h5 16. h3 O-O-O 17. Ba7 Nc5 {1-0 (80) Yu,Y (2759)-Li,C (2725) Ningbo 2018}) 8... Nf6 9. Nc3 {LiveBook: 6 Games} O-O 10. Bd3 {White has an edge.} d6 11. O-O Be6 12. Rd1 $146 ({Predecessor:} 12. Qe1 Nb4 13. f4 Bd7 14. Kh1 Bc6 15. fxe5 Qxe5 {½-½ (25) Murariu,A (2518)-Barnaure,V (2508) Targu Mures 2014}) 12... h6 13. Qe1 Rad8 14. b3 d5 15. exd5 Nxd5 16. Nxd5 Rxd5 17. Bb2 Rfd8 18. Be4 Rxd1 19. Rxd1 Rxd1 20. Qxd1 Qd7 21. Qxd7 Bxd7 $14 {[%mdl 4096] Endgame KBB-KBN} 22. f3 f6 23. Bd5+ Kf8 24. Kf2 Nd8 25. Ke3 Bc6 26. Bc4 g5 27. g3 Ke7 28. Ba3+ Ke8 29. Bd3 Kf7 30. Bc4+ Ke8 31. Bd3 Kf7 32. c3 h5 33. Bd6 Ke6 34. Bc7 Nf7 $1 35. Bg6 h4 $1 36. g4 Nd6 $2 {[#]} (36... Nh8 $14 37. Bd3 Kf7) 37. c4 $2 ({White must play} 37. Bxd6 $1 $18 Kxd6 38. Be4) 37... Ne8 ({Black should try} 37... Be8 $14 38. Bc2 Kd7) 38. Bd8 $16 Ng7 39. a4 Ne8 40. a5 Nd6 41. Bd3 Ne8 42. b4 Kd7 43. Bb6 Nd6 44. Bc5 Ba4 45. Kd2 Ke6 46. Bxd6 ({White should play} 46. Kc3 $16) 46... Kxd6 {KB-KB} 47. Kc3 Bd7 $1 48. Be4 Kc7 $1 49. Kb3 Be8 50. Kc3 Bd7 $1 51. Kc2 Ba4+ 52. Kd3 Be8 53. Kd2 Bd7 54. Kc3 Be8 55. Kd3 Bd7 56. Ke3 Be8 57. Bd5 Ba4 58. Be6 Bc6 59. Bf5 Be8 60. Bd3 Kd6 61. Kd2 Ba4 62. Kc3 Bd7 $1 63. b5 Kc5 {[%cal Ra6b5] The position is equal.} 64. Be4 axb5 65. Bxb7 {[#] aiming for a6.} bxc4 66. a6 $1 {[%cal Ra6a7]} Kb6 67. Kxc4 Be6+ $1 68. Bd5 Bc8 $1 69. Be4 {Hoping for a7!} Bxa6+ 70. Kd5 Bb7+ $1 71. Ke6 Bxe4 72. fxe4 Kc5 73. Kxf6 Kd4 74. Kxg5 {Intending Kf5 and mate.} Kxe4 75. Kxh4 $11 {KPP-KP} (75. Kh5 $5 {[%cal Rg4g5]} Kd4 76. g5 $11 (76. Kxh4 $2 e4 $19)) 75... Kd4 $1 76. Kg3 Kd3 $1 77. g5 e4 $1 {[%cal Re4e3] ( -> ...e3)} 78. g6 {Threatening mate with g7.} e3 {White must now prevent ...e2.} 79. g7 e2 $1 {[%cal Re2e1]} 80. g8=Q {Kf2 would kill now.} e1=Q+ 81. Kh3 {And now Qg3+ would win.} Qf1+ 82. Qg2 Qxg2+ 83. Kxg2 {Precision: White = 58%, Black = 75%.} 1/2-1/2

[Event "3rd India-China Summit 2018"]
[Site "Bhubaneswar"]
[Date "2018.10.20"]
[Round "4"]
[White "Bai, Jinshi"]
[Black "Aryan Chopra"]
[Result "1-0"]
[WhiteElo "2556"]
[BlackElo "2541"]
[Annotator "TA"]
[PlyCount "71"]
[EventDate "2018.10.17"]
[EventType "schev"]
[EventCountry "IND"]
[SourceTitle "playchess.com"]
[Source "ChessBase"]
[SourceQuality "1"]
[WhiteTeam "China"]
[BlackTeam "India"]
[WhiteTeamCountry "CHN"]
[BlackTeamCountry "IND"]

{[%evp 18,71,40,39,48,24,16,15,30,15,31,19,13,25,41,51,43,54,47,37,52,52,37,9,8,6,16,9,7,8,21,21,35,0,0,0,16,6,32,2,43,33,95,95,98,79,60,59,419,412,412,401,401,149,401,401]} 1. Nf3 d5 2. d4 c5 3. c4 cxd4 4. cxd5 Nf6 5. Qxd4 Qxd5 6. Nc3 Qxd4 7. Nxd4 a6 8. g3 e5 9. Nb3 Nc6 {D06: Queen's Gambit: Symmetrical and Baltic Defences} (9... Bd7 10. Bg2 Bc6 11. O-O Bxg2 12. Kxg2 Nc6 13. Bg5 Nd7 14. Nd5 Bd6 15. Nd2 Rc8 16. Nc4 Bc5 17. Be3 {½-½ (61) Tomashevsky,E (2758)-Durarbayli,V (2618) Skopje 2015}) 10. Bg2 {LiveBook: 9 Games} a5 11. Bg5 $146 ({Predecessor:} 11. O-O a4 12. Nd2 Bc5 13. Nc4 O-O 14. Rd1 h6 15. Bxc6 bxc6 16. Nxe5 Re8 17. Nxc6 {½-½ (31) Markic,V (2328)-Mercader Martinez,J (2355) ICCF email 2015}) 11... a4 {White has an edge.} 12. Nd2 a3 13. bxa3 Bxa3 14. Nb5 O-O 15. O-O Bg4 16. Bxc6 bxc6 17. Nxa3 Rxa3 18. Nc4 Ra4 19. Nxe5 Bxe2 20. Rfc1 Ne4 21. Be3 f6 22. Nxc6 Rfa8 23. Nd4 Bc4 24. a3 Bd5 25. Nf5 Be6 26. Nd4 Bh3 27. Nb5 R8a5 28. Rab1 Bd7 29. Nd4 {Hoping for Rb7.} Rxa3 {[#]} (29... Rc5 $14) 30. Rb7 $1 $16 {[%cal Rb7d7]} Bh3 31. Rcc7 $40 {[%mdl 128] White wants to mate with Rb8+. White has strong attack.} Ra1+ 32. Bc1 {White threatens Rb8+ and mate.} Nd6 $2 {[%mdl 8192]} (32... h5 $1 $14) 33. Rb8+ $18 Nc8 34. Rbxc8+ ({Don't do} 34. Nb3 Ra8 $18) 34... Bxc8 35. Rxc8+ Kf7 36. Nb3 $1 {[%csl LRa1,LRa5] Precision: White = 81%, Black = 51%.} 1-0